000 00550cam a22001091 4500
008 790612s1917 iluabce 000 0 eng
100 1 _aRussell, Thomas Herbert,
_d1862-1947.
245 1 0 _aAmerica's war for humanity,
_bincluding a complete history of the world war up-to-date ...
_cby Thomas H. Russell ... with introductory chapter containing President Wilson's great war message ... Over 100 actual photographs, maps and authentic drawings.
260 _a[Chicago,
_bHomewod Press,
_cc1917]
500 _aTo April 25, 1917.
650 0 _aWorld War, 1914-1918.
999 _c2072
_d2072